Mu Mengjie and his school for the blind (Record no. 586582)
[ view plain ]
| 000 -LEADER | |
|---|---|
| fixed length control field | 00371nam a22001337a 4500 |
| 020 ## - INTERNATIONAL STANDARD BOOK NUMBER | |
| International Standard Book Number | 9787508537429 |
| 082 ## - DEWEY DECIMAL CLASSIFICATION NUMBER | |
| Classification number | 895.14508 |
| 100 ## - MAIN ENTRY--PERSONAL NAME | |
| Personal name | Li, Chaoquan |
| 245 ## - TITLE STATEMENT | |
| Title | Mu Mengjie and his school for the blind |
| Statement of responsibility, etc. | Li, Chaoquan |
| 260 ## - PUBLICATION, DISTRIBUTION, ETC. | |
| Place of publication, distribution, etc. | China |
| Name of publisher, distributor, etc. | Intercontinental Press |
| Date of publication, distribution, etc. | 2019 |
| 300 ## - PHYSICAL DESCRIPTION | |
| Extent | 193p |
| 942 ## - ADDED ENTRY ELEMENTS (KOHA) | |
| Source of classification or shelving scheme | |
| Koha item type | Book |
| Withdrawn status | Lost status | Source of classification or shelving scheme | Materials specified (bound volume or other part) | Damaged status | Not for loan | Permanent Location | Current Location | Shelving location | Date acquired | Source of acquisition | Total Checkouts | Total Renewals | Full call number | Barcode | Date last seen | Date last checked out | Price effective from | Koha item type |
|---|---|---|---|---|---|---|---|---|---|---|---|---|---|---|---|---|---|---|
| Donated by Chinese embassy in Pakistan | Central Library (CL) | Central Library (CL) | Chinese Studies | 10/20/2021 | Donation | 2 | 6 | 895.14508 CHA | CL-D-1361 | 09/01/2022 | 04/18/2022 | 10/20/2021 | Book | |||||
| Donated by Chinese embassy in Pakistan | Central Library (CL) | Central Library (CL) | Chinese Studies | 10/20/2021 | 895.14508 CHA | CL-D-1360 | 10/20/2021 | 10/20/2021 | Book |
